Sports Quiz

Random Sports or MLB Quiz

MLB Managers During Playing Career (Slideshow) Quiz Stats

Quiz not verified by Sporcle

Challenge
Share
Tweet
Score 0/25 Timer 08:00
0 Plays Today
% Correct
Kirk Gibson
95.8%
Don Mattingly
83.5%
Terry Francona
63.6%
Ron Washington
63.3%
Mike Scioscia
60.6%
Robin Ventura
60.3%
Mike Matheny
58.8%
Joe Girardi
57%
Brad Ausmus
56.4%
Bruce Bochy
55%
Walt Weiss
54.3%
Matt Williams
53.4%
Ryne Sandberg
48.7%
% Correct
Lloyd McClendon
46.2%
Bud Black
41.3%
John Farrell
38.9%
Ned Yost
35.1%
Clint Hurdle
31.8%
Bo Porter
31.3%
Ron Gardenhire
30.8%
Mike Redmond
29.8%
Bob Melvin
23.1%
John Gibbons
19.7%
Ron Roenicke
16.8%
Rick Renteria
15.4%

You're not logged in!

Compare scores with friends on all Sporcle quizzes.
Sign Up with Email
OR
Log In

You Might Also Like...

Show Comments

Extras

Top Quizzes Today


Score Distribution

Your Account Isn't Verified!

In order to create a playlist on Sporcle, you need to verify the email address you used during registration. Go to your Sporcle Settings to finish the process.